01789nam a2200409 i 450000100060000000300080000600500170001400600190003100700150005000800410006502000330010602000180013903500220015704000310017905000270021008000070023708200150024410000380025924501440029726400720044130000590051333600310057233700330060333800430063649000530067950400280073258800830076059001620084365000670100565000700107265000580114265500270120079700180122783000540124585600630129999900170136282774FINmELB20241217151947.0m o u cr cn|||||||||230201s2018 mx a ob 000 0 spa d a9786075392165qelectrónico z9786074847093 a(OCoLC)1370945212 aFINmELBbspaerdacFINmELB 4aML3534.6M49bC378 2018 a3904a781.662231 aCastillo Bernal, Stephen,eautor.10aMúsica del diablo :bimaginario, dramas sociales y ritualidades de la escena metalera dela Ciudad de México /cStephen Castillo Bernal. 1aMéxico :bInstituto Nacional de Antropología e Historia,c2018. a1 recurso en línea :bilustraciones, fotos, esquemas atextobtxt2rdacontent/spa acomputadorabc2rdamedia/spa arecurso en líneabcr2rdacarrier/spa1 aEtnología y Antropología Social, Serie Logos aIncluye bibliografía. aDescripción basada en metadatos suministrados por el editor y otras fuentes. aRecurso electrónico. Santa Fe, Arg.: elibro, 2023. Disponible vía World Wide Web. El acceso puede estar limitado para las bibliotecas afiliadas a elibro. 4aHeavy metal (Música)xAspectos socialeszCiudad de México. 4aHeavy metal (Música)zCiudad de MéxicoxHistoria y crítica. 4aSubculturazCiudad de MéxicoxHistoria y crítica. 4aLibros electrónicos.2 aelibro, Corp. 0aEtnología y Antropología Social, Serie Logos.40uhttps://elibro.net/ereader/politecnicointernacional/212562 c82774d82774